000
00330nam a2200133Ia 4500
003
GCL
008
140319s9999 xx 000 0 ara d
040
_a
GCL /
_c
GCL
082
0
4
_a
817.008
_b
ا ص
245
1
0
_a
صور ضاحكة
260
_a
[S.N] :
_b
دار الكتاب اللبنانى ،
_c
1984
300
_a
152 ص
490
_a
999
_c
43832
_d
43832